ATTI DEI SANTI CHE FURONO NEI DOMINI DELLA REALE CASA DI SAVOIA. TOMO VI. (Record n. 293787)
[ formato base ]
| 000 -LEADER | |
|---|---|
| fixed length control field | 01255nam a2200229Ia 4500 |
| 001 - CONTROL NUMBER | |
| control field | A235-34955 |
| 003 - CONTROL NUMBER IDENTIFIER | |
| control field | IT-CnALBA |
| 008 - FIXED-LENGTH DATA ELEMENTS--GENERAL INFORMATION | |
| fixed length control field | 170116s9999||||xx |||||||||||||| ||und|| |
| 040 ## - CATALOGING SOURCE | |
| Original cataloging agency | IT-CnALBA |
| Transcribing agency | IT-CnALBA |
| 041 ## - LANGUAGE CODE | |
| Language code of text/sound track or separate title | ITALIANO |
| 999 ## - SYSTEM CONTROL NUMBERS (KOHA) | |
| Koha Dewey Subclass [OBSOLETE] | SI |
| 100 ## - MAIN ENTRY--PERSONAL NAME | |
| Personal name | GALLIZIA P. GIACINTO, CANONICO |
| 245 #0 - TITLE STATEMENT | |
| Title | ATTI DEI SANTI CHE FURONO NEI DOMINI DELLA REALE CASA DI SAVOIA. TOMO VI. |
| 250 ## - EDITION STATEMENT | |
| Edition statement | 1a ed. |
| 260 ## - PUBLICATION, DISTRIBUTION, ETC. (IMPRINT) | |
| Place of publication, distribution, etc. | TORINO |
| Name of publisher, distributor, etc. | REGIA TYPOGRAPHIA OFFICINA. |
| Date of publication, distribution, etc. | 1757 [1° Ed.:1757 - Ed.Ling.Originale: 1757] |
| 300 ## - PHYSICAL DESCRIPTION | |
| Extent | 411 p. |
| 500 ## - GENERAL NOTE | |
| General note | BEATO GUGLIELMO ARNALDI CERTOSINO. BEATO ANGELO DA CIVASSO. BEATO AMEDEO DUCA DI SAVOIA. BEATO ALERINO DÈ RAMBALDI VESCOVO DI ALBA. BEATO TODEO VESCOVO DI IRLANDA. BEATA PAOLA DI BENE. BEATO ARCANGELO DI TORINO. BEATO BARTOLOMEO DA CERVERE. BEATO BERNARDO |
| 501 ## - WITH NOTE | |
| With note | Società San Paolo EM - Piazza San Paolo, 14 - 12051 ALBA (CN) (non commercial uses only) ® Copyright 2017 |
| 520 ## - SUMMARY, ETC. | |
| Summary, etc. | BEATO GUGLIELMO ARNALDI CERTOSINO. BEATO ANGELO DA CIVASSO. BEATO AMEDEO DUCA DI SAVOIA. BEATO ALERINO DÈ RAMBALDI VESCOVO DI ALBA. BEATO TODEO VESCOVO DI IRLANDA. BEATA PAOLA DI BENE. BEATO ARCANGELO DI TORINO. BEATO BARTOLOMEO DA CERVERE. BEATO BERNARDO |
| 650 ## - SUBJECT ADDED ENTRY--TOPICAL TERM | |
| Topical term or geographic name as entry element | ANGELI SANTI DEMONI |
| 942 ## - ADDED ENTRY ELEMENTS (KOHA) | |
| Koha item type | LIBRO |
| 957 ## - | |
| -- | 1 |
| 999 ## - SYSTEM CONTROL NUMBERS (KOHA) | |
| -- | Copie: 1 |
| Withdrawn status | Lost status | Damaged status | Not for loan | Home library | Current library | Date acquired | Total Checkouts | Full call number | Date last seen | Price effective from | Koha item type | Public note |
|---|---|---|---|---|---|---|---|---|---|---|---|---|
| Buone Condizioni | Not For Loan | ALBA - Biblioteca | ALBA - Biblioteca | 16/01/2017 | A235-34955 | 16/01/2017 | 16/01/2017 | LIBRO | (data import: 16 gennaio 2017) - By Epidotti, Vaglietti. |